000 00835nam a2200289Ia 4500
003 OSt
005 20221005061729.0
006 a|||||r|||| 00| 0
007 ta
008 221004b |||||||| |||| 00| 0 eng d
020 _a0415027519
024 _a42351
037 _cTextual
040 _aCRL
_cCRL
_beng
041 _2eng
_aeng
082 _aO111,2J64,MV, M5
100 _aShakespeare William
110 _aGift from Prof Amitava Banerjee, London
245 0 _aMerchant of Venice Ed. by John Russell Brown
260 _aLondon
_bRoutledge UK
_c1985
300 _a174p.
_ccm.
490 _aThe Arden Shakespeare
650 _aENGLISH LITERATURE
700 _aGift from Prof Amitava Banerjee, London
942 _hO111,2J64,MV, M5
_cTEXL
_2cc
999 _c968591
_d968591